000 00904nam a2200253Ia 4500
003 OSt
005 20220926013315.0
006 a|||||r|||| 00| 0
007 ta
008 220923b |||||||| |||| 00| 0 eng d
020 _a0841901635
_c846.60000000000002
037 _bG5456/08-09, 30/03/2009, Manohar Publishers & Distributors
_cGeneral Book
040 _aRTL
_cRTL
_beng
041 _2eng
_aeng
082 _aY49(J): (Z).1(X), L4
100 _aLehmann David Ed.
245 0 _aPeasants, landlords, and governments
_b Agrarian reform in the third world
260 _aNew York
_bHolmes and Meier Pub.
_c1974
300 _a320p.
_ccm.
500 _aBibliography: Chapterwise; Index:P316-320
650 _aSociology
942 _hY49(J): (Z).1(X), L4
_cGB
_2CC
999 _c625649
_d625649